[Event "Mittelfranken Mitte-ch"]
[Site "Nuremberg"]
[Date "2017.01.07"]
[Round "4"]
[White "Berntgen, Michael"]
[Black "Hauck, Martin"]
[Result "1-0"]
[WhiteElo "1637"]
[BlackElo "1488"]
[PlyCount "123"]
[EventDate "2017.01.05"]
[EventType "swiss"]
[EventRounds "7"]
[EventCountry "GER"]
[SourceTitle "EXT 2018"]
[Source "ChessBase"]
[SourceDate "2017.10.13"]
[SourceVersion "1"]
[SourceVersionDate "2017.10.13"]
[SourceQuality "1"]

1. e4 d5 2. exd5 Qxd5 3. Nc3 Qd8 4. d4 e6 5. Nf3 Bd6 6. Bc4 Nf6 7. Bg5 0-0 8. 0-0 Nbd7 9. Re1 c6 10. Ne4 Be7 11. Ned2 b5 12. Bd3 Bb7 13. c3 a6 14. b4 Nd5 15. Bxe7 Qxe7 16. Qc2 N7f6 17. Ne4 Nxe4 18. Bxe4 Nf6 19. Bd3 a5 20. a3 g6 21. Ne5 Nd7 22. Nf3 Nb6 23. Nd2 a4 24. Ne4 Nd7 25. Qd2 Rad8 26. Qh6 Nf6 27. Ng5 Bc8 28. Re3 Rd5 29. Re5 Rfd8 30. Be4 Qf8 31. Qxf8+ Kxf8 32. Bxd5 cxd5 33. Rae1 Rd6 34. R5e3 Kg7 35. Rh3 h6 36. Nf3 Ne4 37. Rc1 Rc6 38. Ne1 Ng5 39. Re3 Kf6 40. Nd3 Ne4 41. Rf3+ Ke7 42. Rxf7+ Kd6 43. Nc5 h5 44. Rc2 e5 45. dxe5+ Kxe5 46. f4+ Kd6 47. Nxe4+ dxe4 48. Rf6+ Kc7 49. Rxc6+ Kxc6 50. c4 Bf5 51. cxb5+ Kxb5 52. Rc5+ Kb6 53. Re5 Kc6 54. Kf2 Kd6 55. Ke3 Kc6 56. h3 h4 57. Kd4 Kd6 58. Rc5 Ke6 59. b5 Kd6 60. b6 Bc8 61. Rxc8 Kd7 62. b7 1-0

[Event "Nuremberg Zabo op 15th"]
[Site "Nuremberg"]
[Date "2013.09.22"]
[Round "4"]
[White "Berntgen, Michael"]
[Black "Dreiseitel, Ursula"]
[Result "1-0"]
[WhiteElo "1510"]
[BlackElo "1415"]
[PlyCount "75"]
[EventDate "2013.09.20"]
[EventType "swiss"]
[EventRounds "5"]
[EventCountry "GER"]
[SourceTitle "EXT 2016"]
[Source "ChessBase"]
[SourceDate "2015.10.08"]
[SourceVersion "1"]
[SourceVersionDate "2015.10.08"]
[SourceQuality "1"]

1. e4 e6 2. d4 d5 3. exd5 exd5 4. Nf3 Bd6 5. c4 dxc4 6. Bxc4 Ne7 7. 0-0 Bf5 8. Qb3 Be6 9. Bxe6 fxe6 10. Qxb7 Nbc6 11. Qa6 0-0 12. Re1 Qd7 13. Qe2 Nd8 14. Ng5 Rf6 15. Qe4 Rb8 16. Qxh7+ Kf8 17. Qh8+ Ng8 18. Nh7+ Kf7 19. Nxf6 Nxf6 20. Qh3 Rb5 21. Qf3 Rf5 22. Qe2 Rh5 23. g3 e5 24. Nd2 Qh3 25. Nf1 e4 26. f3 exf3 27. Qxf3 Rf5 28. Qg2 Qg4 29. Be3 Ne6 30. Rad1 Ne4 31. Nd2 Nxd2 32. Bxd2 Qxd4+ 33. Be3 Qg4 34. Rf1 Kg6 35. Rxf5 Qxd1+ 36. Rf1 Qg4 37. Qc2+ Kh5 38. Qh7# 1-0

[Event "Mittelfranken Mitte-ch 1112"]
[Site "Zirndorf"]
[Date "2012.01.08"]
[Round "7"]
[White "Berntgen, Michael"]
[Black "Roeckl, Adelbert"]
[Result "1/2-1/2"]
[WhiteElo "1492"]
[BlackElo "1528"]
[PlyCount "52"]
[EventDate "2012.01.05"]
[EventType "swiss"]
[EventRounds "7"]
[EventCountry "GER"]
[SourceTitle "EXT 2015"]
[Source "ChessBase"]
[SourceDate "2014.11.20"]
[SourceVersion "1"]
[SourceVersionDate "2014.11.20"]
[SourceQuality "1"]

1. e4 e6 2. d4 d5 3. exd5 exd5 4. Nf3 Bd6 5. c4 c6 6. Nc3 Nf6 7. Bg5 Be6 8. cxd5 cxd5 9. Bb5+ Nc6 10. 0-0 0-0 11. Re1 a6 12. Ba4 Be7 13. Rc1 h6 14. Bh4 Nh7 15. Bxe7 Nxe7 16. Ne5 b5 17. Bc2 Nf6 18. Ne2 Bf5 19. Nc6 Bxc2 20. Qxc2 Nxc6 21. Qxc6 Re8 22. Qc2 Rc8 23. Qd3 Rxc1 24. Rxc1 Qe7 25. Rc2 Qd6 26. h3 Qe6 1/2-1/2

[Event "Mittelfranken Mitte-ch 1112"]
[Site "Zirndorf"]
[Date "2012.01.07"]
[Round "5"]
[White "Berntgen, Michael"]
[Black "Semenova, Alisa"]
[Result "0-1"]
[WhiteElo "1492"]
[BlackElo "1405"]
[PlyCount "56"]
[EventDate "2012.01.05"]
[EventType "swiss"]
[EventRounds "7"]
[EventCountry "GER"]
[SourceTitle "EXT 2015"]
[Source "ChessBase"]
[SourceDate "2014.11.20"]
[SourceVersion "1"]
[SourceVersionDate "2014.11.20"]
[SourceQuality "1"]

1. e4 c5 2. Nc3 Nc6 3. f4 g6 4. Nf3 Bg7 5. Bb5 d6 6. Bxc6+ bxc6 7. 0-0 e6 8. Qe1 Ne7 9. d3 0-0 10. Qh4 f6 11. f5 exf5 12. Bh6 Bxh6 13. Qxh6 Be6 14. Rae1 Qd7 15. b3 Rab8 16. Ne2 g5 17. Nd2 Rf7 18. Rf2 Rbf8 19. Ref1 d5 20. exf5 Nxf5 21. Qh3 Nh4 22. Qg3 d4 23. Ne4 Nf5 24. Qh3 Ne3 25. Qh6 Ng4 26. Nxf6+ Rxf6 27. Rxf6 Rxf6 28. Rxf6 Nxh6 0-1

[Event "Mittelfranken Mitte-ch 0910"]
[Site "Zirndorf"]
[Date "2010.01.06"]
[Round "3"]
[White "Berntgen, Michael"]
[Black "Werner, Thomas1111"]
[Result "1/2-1/2"]
[WhiteElo "1436"]
[BlackElo "2015"]
[PlyCount "66"]
[EventDate "2010.01.03"]
[EventType "swiss"]
[EventRounds "7"]
[EventCountry "GER"]
[SourceTitle "EXT 2015"]
[Source "ChessBase"]
[SourceDate "2014.11.20"]
[SourceVersion "1"]
[SourceVersionDate "2014.11.20"]
[SourceQuality "1"]

1. e4 c6 2. d4 d5 3. exd5 cxd5 4. Nf3 Nc6 5. Bd3 Bg4 6. 0-0 Nxd4 7. Nbd2 Nf6 8. c3 Nc6 9. h3 Bh5 10. Re1 e6 11. Nf1 Qc7 12. Ng3 Bg6 13. Bxg6 hxg6 14. Qa4 Bd6 15. Ne2 a6 16. Ned4 0-0 17. Nxc6 Qxc6 18. Qh4 Qc4 19. Qxc4 dxc4 20. Bg5 Rfd8 21. Rad1 Kf8 22. Rd4 Rac8 23. Red1 Ke8 24. Rxd6 Rxd6 25. Rxd6 Nd5 26. Kf1 f6 27. Rxe6+ Kd7 28. Re4 fxg5 29. Nxg5 Rf8 30. Ne6 Rf7 31. Nd4 Rf6 32. g3 b5 33. Ke2 b4 1/2-1/2

[Event "Mittelfranken Mitte-ch 0910"]
[Site "Zirndorf"]
[Date "2010.01.03"]
[Round "1"]
[White "Berntgen, Michael"]
[Black "Puehn, Georg"]
[Result "0-1"]
[WhiteElo "1436"]
[BlackElo "1982"]
[PlyCount "66"]
[EventDate "2010.01.03"]
[EventType "swiss"]
[EventRounds "7"]
[EventCountry "GER"]
[SourceTitle "EXT 2015"]
[Source "ChessBase"]
[SourceDate "2014.11.20"]
[SourceVersion "1"]
[SourceVersionDate "2014.11.20"]
[SourceQuality "1"]

1. e4 e5 2. Nf3 Nc6 3. d4 exd4 4. Nxd4 Nf6 5. Nxc6 bxc6 6. e5 Qe7 7. Qe2 Nd5 8. c4 Ba6 9. b3 Nb6 10. Bb2 Qe6 11. Qe3 Bb7 12. Bd3 d6 13. 0-0 d5 14. Nd2 Nd7 15. Rac1 Bc5 16. cxd5 Qxd5 17. Qg3 0-0-0 18. Nc4 Bb6 19. Nxb6+ Nxb6 20. Rfd1 Kb8 21. Be2 Qa5 22. a3 Rd2 23. Bc3 Rxd1+ 24. Rxd1 Qxa3 25. Qxg7 Rc8 26. Qxf7 Qc5 27. Bd4 Qc2 28. Kf1 c5 29. Be3 Qe4 30. Qg7 Nd5 31. Bxc5 Nc3 32. Re1 Nxe2 33. Rxe2 Ba6 0-1

[Event "Mittelfranken Mitte-ch 0910"]
[Site "Zirndorf"]
[Date "2010.01.03"]
[Round "2"]
[White "Nuesslein, Christian"]
[Black "Berntgen, Michael"]
[Result "1/2-1/2"]
[WhiteElo "1928"]
[BlackElo "1436"]
[PlyCount "104"]
[EventDate "2010.01.03"]
[EventType "swiss"]
[EventRounds "7"]
[EventCountry "GER"]
[SourceTitle "EXT 2015"]
[Source "ChessBase"]
[SourceDate "2014.11.20"]
[SourceVersion "1"]
[SourceVersionDate "2014.11.20"]
[SourceQuality "1"]

1. e4 e5 2. Nf3 Nc6 3. Bb5 a6 4. Bxc6 dxc6 5. d4 exd4 6. Qxd4 Qxd4 7. Nxd4 Bd6 8. Nd2 Nf6 9. f3 0-0 10. Nc4 Re8 11. Bg5 c5 12. Nb3 Be6 13. Nxd6 cxd6 14. Bxf6 Bxb3 15. axb3 gxf6 16. 0-0-0 Rad8 17. c4 Re5 18. Rd2 f5 19. exf5 d5 20. Rhd1 d4 21. g4 Re3 22. Rd3 Re2 23. R1d2 Rxd2 24. Rxd2 Re8 25. b4 b6 26. bxc5 bxc5 27. b4 cxb4 28. Rxd4 Rc8 29. Kb2 a5 30. Kb3 Rc5 31. Rd8+ Kg7 32. Rb8 Re5 33. Rb5 Re3+ 34. Kc2 Rc3+ 35. Kd2 Rxc4 36. Rxa5 b3 37. Rb5 Rc2+ 38. Kd3 Rxh2 39. Rxb3 Rh3 40. Ke4 Rh1 41. Kf4 h6 42. Kg3 Re1 43. Rb2 Rg1+ 44. Kf4 Re1 45. Rg2 Rb1 46. Kg3 Ra1 47. f4 Ra3+ 48. Kf2 Ra4 49. Ke3 Ra3+ 50. Kf2 Ra4 51. Kg3 Ra3+ 52. Kf2 Ra4 1/2-1/2

[Event "Nuremberg Zabo op 11th"]
[Site "Nuremberg"]
[Date "2009.09.19"]
[Round "3"]
[White "Berntgen, Michael"]
[Black "Vennemann, Juergen"]
[Result "0-1"]
[WhiteElo "1438"]
[BlackElo "1866"]
[PlyCount "20"]
[EventDate "2009.09.18"]
[EventType "swiss"]
[EventRounds "5"]
[EventCountry "GER"]
[SourceTitle "EXT 2012"]
[Source "ChessBase"]
[SourceDate "2011.11.24"]
[SourceVersion "1"]
[SourceVersionDate "2011.11.24"]
[SourceQuality "1"]

1. e4 c6 2. d4 d5 3. e5 Bf5 4. Nf3 e6 5. Be2 c5 6. c3 Nc6 7. Be3 Qb6 8. Qd2 cxd4 9. cxd4 Bxb1 10. Rxb1 Bb4 0-1

[Event "Nuremberg Zabo op 11th"]
[Site "Nuremberg"]
[Date "2009.09.18"]
[Round "1"]
[White "Berntgen, Michael"]
[Black "Schloetterer, Hermann"]
[Result "0-1"]
[WhiteElo "1438"]
[BlackElo "1890"]
[PlyCount "38"]
[EventDate "2009.09.18"]
[EventType "swiss"]
[EventRounds "5"]
[EventCountry "GER"]
[SourceTitle "EXT 2012"]
[Source "ChessBase"]
[SourceDate "2011.11.24"]
[SourceVersion "1"]
[SourceVersionDate "2011.11.24"]
[SourceQuality "1"]

1. e4 c5 2. d4 cxd4 3. c3 dxc3 4. Nxc3 Nc6 5. Nf3 d6 6. Bc4 a6 7. 0-0 Nf6 8. Qe2 Bg4 9. Rd1 Bxf3 10. Qxf3 Ne5 11. Qe2 Nxc4 12. Qxc4 e5 13. Bg5 Be7 14. Rd2 0-0 15. Rad1 Rc8 16. Qb4 Ne8 17. Bxe7 Qxe7 18. Nd5 Qg5 19. Qxb7 Qxd2 0-1

[Event "Mittelfranken-ch NT 58th"]
[Site "Postbauer"]
[Date "2009.04.09"]
[Round "3"]
[White "Berntgen, Michael"]
[Black "Babichev, Vyacheslav"]
[Result "0-1"]
[WhiteElo "1453"]
[BlackElo "1714"]
[PlyCount "60"]
[EventDate "2009.04.08"]
[EventType "swiss"]
[EventRounds "7"]
[EventCountry "GER"]
[SourceTitle "EXT 2015"]
[Source "ChessBase"]
[SourceDate "2014.11.20"]
[SourceVersion "1"]
[SourceVersionDate "2014.11.20"]
[SourceQuality "1"]

1. e4 e6 2. d4 b6 3. Nf3 Bb7 4. Nc3 Bb4 5. Bd3 Nf6 6. Bg5 h6 7. Bxf6 Qxf6 8. a3 Bxc3+ 9. bxc3 d6 10. c4 0-0 11. 0-0 Nd7 12. Rb1 e5 13. c3 Rfe8 14. Re1 Qf4 15. Qa4 Nf6 16. d5 g5 17. h3 Bc8 18. Qd1 Nd7 19. Nh2 Nc5 20. Bc2 Kg7 21. Re3 Qf6 22. h4 Qg6 23. Rg3 f6 24. Qf1 Nxe4 25. Qd3 f5 26. Re3 Rf8 27. hxg5 hxg5 28. Qe2 Nf6 29. Rf1 g4 30. Rg3 Qh5 0-1

[Event "Mittelfranken-ch NT 58th"]
[Site "Postbauer"]
[Date "2009.04.08"]
[Round "2"]
[White "Schmidt, Marco"]
[Black "Berntgen, Michael"]
[Result "0-1"]
[WhiteElo "1160"]
[BlackElo "1453"]
[PlyCount "52"]
[EventDate "2009.04.08"]
[EventType "swiss"]
[EventRounds "7"]
[EventCountry "GER"]
[SourceTitle "EXT 2015"]
[Source "ChessBase"]
[SourceDate "2014.11.20"]
[SourceVersion "1"]
[SourceVersionDate "2014.11.20"]
[SourceQuality "1"]

1. e4 e5 2. Nf3 Nc6 3. Bb5 a6 4. Ba4 Nf6 5. 0-0 Be7 6. Nc3 b5 7. Bb3 d6 8. Bd5 Bb7 9. d4 Nxd5 10. exd5 Nxd4 11. Nxd4 exd4 12. Qxd4 0-0 13. Qg4 Bf6 14. Rd1 Bxc3 15. bxc3 Qf6 16. Bb2 Bc8 17. Qg3 Bf5 18. Rd2 Rae8 19. Rb1 Qh6 20. c4 bxc4 21. Rd4 Bxc2 22. Rh4 Bxb1 23. f3 Qe3+ 24. Kf1 Qe2+ 25. Kg1 Qd1+ 26. Kf2 Re2# 0-1

[Event "Mittelfranken Mitte-ch 0809"]
[Site "Zirndorf"]
[Date "2009.01.10"]
[Round "4"]
[White "Kurz, Leonhard"]
[Black "Berntgen, Michael"]
[Result "0-1"]
[WhiteElo "1636"]
[BlackElo "1425"]
[PlyCount "134"]
[EventDate "2009.01.06"]
[EventType "swiss"]
[EventRounds "7"]
[EventCountry "GER"]
[SourceTitle "EXT 2015"]
[Source "ChessBase"]
[SourceDate "2014.11.20"]
[SourceVersion "1"]
[SourceVersionDate "2014.11.20"]
[SourceQuality "1"]

1. e4 e5 2. Nc3 Nf6 3. f4 d6 4. Nf3 Bg4 5. Bc4 Be7 6. d4 exd4 7. Qxd4 Nc6 8. Qf2 Be6 9. Bd3 d5 10. f5 dxe4 11. Nxe4 Ng4 12. Qe2 Bxf5 13. 0-0 Qd7 14. Nc5 Bxd3 15. Nxd3 0-0-0 16. Bf4 Rhe8 17. Qd2 Bd6 18. h3 Bxf4 19. Qxf4 Ne3 20. Rf2 Nxc2 21. Nc5 Qd6 22. Qxd6 cxd6 23. Nxb7 Nxa1 24. Nxd8 Kxd8 25. Ng5 f6 26. Nf3 d5 27. Kf1 Nb4 28. a3 Nc6 29. Rd2 d4 30. Nxd4 Nxd4 31. Rxd4+ Kc8 32. Rd3 Re7 33. Kf2 Rb7 34. b4 Nc2 35. Ke2 Re7+ 36. Kf2 Rd7 37. Rb3 Nd4 38. Rc3+ Rc7 39. Rd3 Rc2+ 40. Ke3 Nf5+ 41. Ke4 Nh4 42. g4 Ng6 43. Kd5 Ne5 44. Re3 Rd2+ 45. Ke4 Kd7 46. g5 Rd3 47. Rxd3+ Nxd3 48. Kxd3 f5 49. Kd4 Kd6 50. a4 a6 51. h4 g6 52. a5 Kc6 53. Ke5 Kb5 54. h5 Kxb4 55. hxg6 hxg6 56. Kf6 f4 57. Kxg6 f3 58. Kh7 f2 59. g6 f1Q 60. g7 Qg2 61. g8Q Qxg8+ 62. Kxg8 Kxa5 63. Kf7 Kb4 64. Ke6 a5 65. Kd5 a4 66. Kd4 a3 67. Kd3 a2 0-1

[Event "Nuremberg Zabo op 10th"]
[Site "Nuremberg"]
[Date "2008.09.21"]
[Round "4"]
[White "Harder, Marvin"]
[Black "Berntgen, Michael"]
[Result "0-1"]
[WhiteElo "1221"]
[BlackElo "1386"]
[PlyCount "78"]
[EventDate "2008.09.19"]
[EventType "swiss"]
[EventRounds "5"]
[EventCountry "GER"]
[SourceTitle "EXT 2012"]
[Source "ChessBase"]
[SourceDate "2011.11.24"]
[SourceVersion "1"]
[SourceVersionDate "2011.11.24"]
[SourceQuality "1"]

1. e4 e5 2. Nf3 Nc6 3. Bc4 Bc5 4. c3 Nf6 5. d4 exd4 6. cxd4 Bb4+ 7. Bd2 Nxe4 8. Bxb4 Nxb4 9. Qb3 d5 10. Qxb4 dxc4 11. Qxc4 0-0 12. 0-0 Be6 13. Qe2 Bd5 14. Nc3 Re8 15. Qd3 Nxc3 16. bxc3 Qd6 17. Nd2 c5 18. Nc4 Bxc4 19. Qxc4 cxd4 20. Qxd4 Qxd4 21. cxd4 Rad8 22. Rfe1 Rxe1+ 23. Rxe1 Kf8 24. Rd1 b5 25. Kf1 a5 26. Ke2 Ke7 27. Kd3 Kd6 28. Kc3 Rc8+ 29. Kd3 Kd5 30. Rb1 b4 31. Rb3 Rc4 32. a3 Rxd4+ 33. Ke3 Kc4 34. axb4 Kxb3 35. Kxd4 axb4 36. Kd3 Ka2 37. Kc2 b3+ 38. Kc1 b2+ 39. Kc2 b1Q+ 0-1

[Event "Nuremberg Zabo op 10th"]
[Site "Nuremberg"]
[Date "2008.09.20"]
[Round "2"]
[White "Holland, Arthur"]
[Black "Berntgen, Michael"]
[Result "1/2-1/2"]
[WhiteElo "1593"]
[BlackElo "1386"]
[PlyCount "43"]
[EventDate "2008.09.19"]
[EventType "swiss"]
[EventRounds "5"]
[EventCountry "GER"]
[SourceTitle "EXT 2012"]
[Source "ChessBase"]
[SourceDate "2011.11.24"]
[SourceVersion "1"]
[SourceVersionDate "2011.11.24"]
[SourceQuality "1"]

1. e4 e5 2. Nf3 Nc6 3. Bc4 Bc5 4. b4 Bxb4 5. c3 Ba5 6. d4 exd4 7. Qb3 Qf6 8. 0-0 Nge7 9. cxd4 Bb6 10. e5 Qg6 11. Bb2 Na5 12. Qc3 Nxc4 13. Qxc4 d5 14. exd6 Qxd6 15. Nc3 0-0 16. d5 Bd7 17. Rad1 Rad8 18. Ne4 Qg6 19. Ne5 Bb5 20. Nxg6 Bxc4 21. Nxe7+ Kh8 22. Rfe1 1/2-1/2

[Event "Nuremberg Zabo op 10th"]
[Site "Nuremberg"]
[Date "2008.09.19"]
[Round "1"]
[White "Berntgen, Michael"]
[Black "Nahlik, Bernhard"]
[Result "0-1"]
[WhiteElo "1386"]
[BlackElo "1800"]
[PlyCount "66"]
[EventDate "2008.09.19"]
[EventType "swiss"]
[EventRounds "5"]
[EventCountry "GER"]
[SourceTitle "EXT 2012"]
[Source "ChessBase"]
[SourceDate "2011.11.24"]
[SourceVersion "1"]
[SourceVersionDate "2011.11.24"]
[SourceQuality "1"]

1. e4 c6 2. d4 d5 3. exd5 cxd5 4. Nf3 Nc6 5. Bf4 Nf6 6. c3 Bg4 7. Nbd2 Qb6 8. Qc2 e6 9. Bd3 Be7 10. 0-0 0-0 11. Ne5 Bh5 12. Rac1 Rac8 13. Qb1 Bg6 14. Ndf3 Bxd3 15. Nxd3 Ne4 16. Nde5 Rfd8 17. Rfd1 Nxe5 18. Nxe5 f6 19. Nf3 Bd6 20. Bxd6 Qxd6 21. c4 Qf4 22. c5 g5 23. h3 h5 24. Qc2 Rc7 25. Qe2 g4 26. Nh4 gxh3 27. g3 Rg7 28. Kh2 Rxg3 29. fxg3 Qxg3+ 30. Kh1 Nf2+ 31. Qxf2 Qxf2 32. Rg1+ Kf7 33. Rcf1 Qxh4 0-1

[Event "Mittelfranken Mitte-ch 0708"]
[Site "Zirndorf"]
[Date "2008.01.06"]
[Round "5"]
[White "Berntgen, Michael"]
[Black "Sidorov, Alexey"]
[Result "0-1"]
[WhiteElo "1437"]
[BlackElo "1367"]
[PlyCount "42"]
[EventDate "2008.01.04"]
[EventType "swiss"]
[EventRounds "7"]
[EventCountry "GER"]
[SourceTitle "EXT 2015"]
[Source "ChessBase"]
[SourceDate "2014.11.20"]
[SourceVersion "1"]
[SourceVersionDate "2014.11.20"]
[SourceQuality "1"]

1. e4 e6 2. d4 d5 3. e5 c5 4. c3 Nc6 5. Nf3 Qb6 6. a3 a5 7. b3 f6 8. Bd3 Bd7 9. Bc2 Rc8 10. Be3 cxd4 11. cxd4 Qc7 12. Bf4 fxe5 13. dxe5 Bc5 14. 0-0 Nge7 15. Nc3 0-0 16. Bg3 Nf5 17. Qd3 Ncd4 18. Ne2 Bb5 19. Qd2 Nxe2+ 20. Kh1 Nfxg3+ 21. fxg3 Qb6 0-1

[Event "Mittelfranken Mitte-ch 0708"]
[Site "Zirndorf"]
[Date "2008.01.04"]
[Round "1"]
[White "Berntgen, Michael"]
[Black "Schanz, Karlheinz"]
[Result "1/2-1/2"]
[WhiteElo "1437"]
[BlackElo "1850"]
[PlyCount "54"]
[EventDate "2008.01.04"]
[EventType "swiss"]
[EventRounds "7"]
[EventCountry "GER"]
[SourceTitle "EXT 2015"]
[Source "ChessBase"]
[SourceDate "2014.11.20"]
[SourceVersion "1"]
[SourceVersionDate "2014.11.20"]
[SourceQuality "1"]

1. e4 Nc6 2. Nf3 e5 3. d4 exd4 4. Nxd4 Nxd4 5. Qxd4 Qf6 6. Be3 Qxd4 7. Bxd4 Ne7 8. Nc3 a6 9. 0-0-0 Nc6 10. Nd5 Nxd4 11. Rxd4 Bd6 12. e5 Bc5 13. Rc4 Bb6 14. Nxc7+ Bxc7 15. Rxc7 Kd8 16. Rc3 b5 17. Be2 Bb7 18. Bf3 Bxf3 19. Rxf3 Ke7 20. Re1 Rac8 21. Ra3 Rc6 22. Rd1 Rhc8 23. Rd2 Re6 24. Rad3 Rc7 25. f4 Rec6 26. Rd6 Ke8 27. R6d3 Rc4 1/2-1/2